| 000 | 01183nam a2200217Ia 4500 | ||
|---|---|---|---|
| 001 | b6146-43063 | ||
| 003 | IT-MiCISF | ||
| 008 | 161014s9999||||xx |||||||||||||| ||und|| | ||
| 040 |
_aIT-MiCISF _cIT-MiCISF |
||
| 041 | _ait | ||
| 100 | _aBenedan Sonia | ||
| 245 | 0 |
_aPluridisabilità e vita quotidiana _bCrescere un bambino con disabilità multipla |
|
| 250 | _a1a ed. | ||
| 260 |
_a Gardolo (TN) _bErickson _c2006 |
||
| 300 | _app. 109 | ||
| 500 | _a / handicap, famiglia-con-handicap, educazione, apprendimento, associazioni, indirizzi / Questo libro si rivolge a quelle famiglie che necessitano di una "guida" per costruire una relazione positiva e serena con il proprio figlio con minorazione visiva e pluridisabilità, i cui primi anni di vita possono essere determinanti per lo sviluppo futuro. L'obiettivo è quello di restituire fiducia e serenità ai familiari e di orientare il bambino con pluridisabilità in un percorso che lo porti, nonostante le oggettive limitazioni, a un soddisfacente livello di autonomia e di integrazione sociale. | ||
| 650 |
_a Dinamiche familiari / handicap _e001 |
||
| 700 | _aFaretta Elisa | ||
| 942 | _cBK | ||
| 957 | _71 | ||
| 999 |
_a43063 _bsi _g1 _c210926 _d210926 |
||